[Event "PHI-ch sf"]
[Site "Manila"]
[Date "2014.??.??"]
[Round "4"]
[White "Curioso, Nixon"]
[Black "Villanueva, Jerome"]
[Result "0-1"]
[WhiteElo "2090"]
[BlackElo "2140"]
[PlyCount "161"]
[EventDate "2014.03.??"]
[EventType "swiss"]
[EventRounds "9"]
[EventCountry "PHI"]
[SourceTitle "EXT 2016"]
[Source "ChessBase"]
[SourceDate "2015.10.08"]
[SourceVersion "1"]
[SourceVersionDate "2015.10.08"]
[SourceQuality "1"]

1. e4 e6 2. d4 d5 3. Nc3 Bb4 4. e5 c5 5. a3 Bxc3+ 6. bxc3 Ne7 7. Nf3 Qc7 8. Bd3 Bd7 9. 0-0 c4 10. Be2 Ba4 11. Qd2 h6 12. Ne1 Nd7 13. Rb1 0-0-0 14. f4 f5 15. Rf3 Rhg8 16. Rh3 Nf8 17. Bd1 Nfg6 18. Qf2 Rdf8 19. Bh5 Nh8 20. Bd1 Nf7 21. Bh5 Nd8 22. Qh4 Kb8 23. Kf1 Ka8 24. Bd1 Nf7 25. Nf3 a5 26. Qf2 Ka7 27. Rg3 Be8 28. h4 Nd8 29. Ne1 g6 30. Kg1 Nf7 31. Nf3 Nd8 32. Be2 Ba4 33. Bf1 Rf7 34. Be3 Rfg7 35. Qd2 Nc8 36. Qc1 Nb6 37. Kf2 Be8 38. Qe1 Na4 39. Bc1 Ka8 40. Be2 Qe7 41. Kg1 Nc6 42. Bf1 Na7 43. Rh3 Nb5 44. Ra1 b6 45. Nh2 Ka7 46. Kh1 Ka6 47. Kg1 Na7 48. Nf3 Nc6 49. Rb1 Na7 50. Ra1 Nb5 51. Nh2 Rh7 52. Kh1 Na7 53. Kg1 Nc6 54. Nf3 Nd8 55. Rb1 Nf7 56. Ra1 Rhg7 57. Kh1 b5 58. Bd2 Nb6 59. Bc1 a4 60. Bd2 Nd7 61. Bc1 Nf8 62. Bd2 Nh7 63. Qb1 Kb6 64. Be3 Kc7 65. Qb2 Bd7 66. Rb1 g5 67. hxg5 hxg5 68. Rh5 Be8 69. Rh2 Kc8 70. Qc1 gxf4 71. Bxf4 Nhg5 72. Nxg5 Nxg5 73. Bxg5 Rxg5 74. Be2 Qf8 75. Bf3 Bd7 76. Kg1 R5g7 77. Kf1 Rh8 78. Qf4 Rgh7 79. Rxh7 Rxh7 80. Ke2 Qxa3 81. Kd2 0-1